[Event "V Festival Terre degli Elimi A"]
[Site "Erice ITA"]
[Date "2014.07.23"]
[Round "6"]
[White "Sardo, Gabriele"]
[Black "Amato, Andrea"]
[WhiteElo "2253"]
[BlackElo "2350"]
[Result "0-1"]
[PlyCount "94"]
[EventDate "2014.07.19"]

1. d4 d6 2. c4 e5 3. Nf3 e4 4. Ng5 f5 5. Nc3 Be7 6. Nh3 c6 7. Nf4 Nf6 8. h4 Na6
9. e3 Nc7 10. Be2 a6 11. a4 Ne6 12. Nh3 a5 13. g3 O-O 14. Kf1 Bd7 15. Kg2 Be8
16. b3 d5 17. Ba3 Bxa3 18. Rxa3 Bf7 19. Ra2 Qe8 20. cxd5 cxd5 21. Nb5 Rd8 22.
Rc2 Bh5 23. Bxh5 Nxh5 24. Nc7 Nxc7 25. Rxc7 b6 26. Qe2 Qg6 27. Kh2 Rc8 28. Rhc1
Rxc7 29. Rxc7 h6 30. Qb5 Nf6 31. Nf4 Qg4 32. Nxd5 Qf3 33. Nxf6+ Rxf6 34. Rc2 f4
35. exf4 Rxf4 36. Qe2 Rf5 37. Kg1 e3 38. Rc8+ Kh7 39. Qxe3 Qd1+ 40. Kg2 Rf7 41.
Qe4+ g6 42. Qe5 Qf3+ 43. Kh3 Qh1+ 44. Kg4 h5+ 45. Kg5 Rf5+ 46. Qxf5 gxf5 47.
Rc7+ Kg8 0-1

[Event "V Festival Terre degli Elimi A"]
[Site "Erice ITA"]
[Date "2014.07.23"]
[Round "6"]
[White "Van Der Eijk, Martijn"]
[Black "Sieciechowicz, Marcin"]
[WhiteElo "2198"]
[BlackElo "2438"]
[Result "1-0"]
[PlyCount "83"]
[EventDate "2014.07.19"]

1. c4 c5 2. Nf3 Nc6 3. d4 cxd4 4. Nxd4 Nf6 5. Nc3 Qb6 6. Nb3 e6 7. a3 d5 8.
cxd5 Nxd5 9. Nxd5 exd5 10. g3 d4 11. Bg2 Be6 12. Nd2 Be7 13. O-O O-O 14. b3
Rfd8 15. Bb2 d3 16. e3 Rac8 17. Rc1 Na5 18. Rxc8 Rxc8 19. b4 Nc4 20. Nxc4 Rxc4
21. Qxd3 Qc7 22. Rd1 h6 23. Bd5 Bxd5 24. Qxd5 Rc6 25. Be5 Qc8 26. Qd7 Qxd7 27.
Rxd7 Bf6 28. Bxf6 Rxf6 29. Rxb7 Ra6 30. b5 Rxa3 31. Kg2 a5 32. Kf3 Rb3 33. Ke4
Rb2 34. Kd5 a4 35. Kc6 Rc2+ 36. Kb6 Rxf2 37. Ra7 Rxh2 38. Rxa4 Rg2 39. g4 Rb2
40. Ka6 g6 41. b6 Kg7 42. Ra5 1-0

[Event "V Festival Terre degli Elimi A"]
[Site "Erice ITA"]
[Date "2014.07.23"]
[Round "6"]
[White "Vanparys, Philip"]
[Black "Mangelschots, Peter"]
[WhiteElo "2141"]
[BlackElo "2053"]
[Result "1/2-1/2"]
[PlyCount "44"]
[EventDate "2014.07.19"]

1. e4 e6 2. d4 d5 3. Nc3 Nf6 4. e5 Nfd7 5. f4 c5 6. Nf3 Nc6 7. Be3 cxd4 8. Nxd4
Bc5 9. Qd2 Nxd4 10. Bxd4 Bxd4 11. Qxd4 Qb6 12. O-O-O Qxd4 13. Rxd4 Ke7 14. h4
h5 15. Be2 Nb8 16. Rd3 Nc6 17. a3 Bd7 18. Rg3 g6 19. Rd1 a6 20. Bf3 Rhd8 21.
Rg5 Rac8 22. Rd2 Na5 1/2-1/2

[Event "V Festival Terre degli Elimi A"]
[Site "Erice ITA"]
[Date "2014.07.23"]
[Round "7"]
[White "Aleksic, Nenad"]
[Black "Iwanow, Anna"]
[WhiteElo "2348"]
[BlackElo "2210"]
[Result "1/2-1/2"]
[PlyCount "85"]
[EventDate "2014.07.19"]

1. e4 c5 2. Nf3 e6 3. Nc3 Nc6 4. d4 cxd4 5. Nxd4 Qc7 6. g3 a6 7. Bg2 d6 8. O-O
Bd7 9. Nxc6 Bxc6 10. a4 Nf6 11. a5 Be7 12. Be3 O-O 13. Bb6 Qc8 14. Re1 Nd7 15.
Bd4 Qc7 16. Na4 e5 17. Be3 Rae8 18. Nc3 Nf6 19. Bg5 Qd7 20. Bxf6 Bxf6 21. Re3
Rc8 22. Rd3 Be7 23. Qd2 Rc7 24. Qe3 Rfc8 25. Rd2 Qe6 26. Rad1 g6 27. Bf1 Kg7
28. b3 h5 29. Bc4 Qg4 30. Qe2 Qh3 31. Nd5 Bxd5 32. Rxd5 h4 33. Qf3 hxg3 34.
fxg3 Rh8 35. R5d2 f6 36. Rf2 Rc5 37. Rd5 Qc8 38. Kg2 Qh3+ 39. Kh1 Rc6 40. Rd1
Rc5 41. Rd5 Rc6 42. Kg1 Bd8 43. Kh1 1/2-1/2

[Event "V Festival Terre degli Elimi A"]
[Site "Erice ITA"]
[Date "2014.07.23"]
[Round "7"]
[White "Amato, Andrea"]
[Black "Santagati, Alessandro"]
[WhiteElo "2350"]
[BlackElo "2216"]
[Result "1-0"]
[PlyCount "87"]
[EventDate "2014.07.19"]

1. Nf3 Nf6 2. c4 g6 3. Nc3 Bg7 4. e4 d6 5. d4 O-O 6. h3 e5 7. d5 Na6 8. Bg5 h6
9. Be3 Nc5 10. Nd2 Ne8 11. b4 Nxe4 12. Ncxe4 f5 13. Bd3 fxe4 14. Nxe4 Nf6 15.
g4 Nxe4 16. Bxe4 Qf6 17. Rg1 Qh4 18. Qc2 a5 19. b5 Bd7 20. O-O-O Rf4 21. Bxg6
Qxh3 22. Be4 Bxg4 23. Rde1 Qh4 24. Bxf4 exf4 25. f3 Bd7 26. Qc3 Bg4 27. Qxg7+
Kxg7 28. Rxg4+ Qxg4 29. fxg4 Re8 30. Kd2 Kf6 31. Kd3 Kg5 32. Rh1 Kxg4 33. Rxh6
Kg3 34. Rg6+ Kf2 35. Rg2+ Kf1 36. Rg7 Rf8 37. Kd4 f3 38. Bd3+ Ke1 39. Rxc7 Kd2
40. Re7 Rf4+ 41. Re4 Rxe4+ 42. Kxe4 b6 43. c5 bxc5 44. b6 1-0

[Event "V Festival Terre degli Elimi A"]
[Site "Erice ITA"]
[Date "2014.07.23"]
[Round "7"]
[White "Aranaz Murillo, Amalia"]
[Black "Sadzikowski, Daniel"]
[WhiteElo "2298"]
[BlackElo "2481"]
[Result "1/2-1/2"]
[PlyCount "48"]
[EventDate "2014.07.19"]

1. Nf3 g6 2. g3 Bg7 3. d4 Nf6 4. Bg2 d5 5. c4 dxc4 6. Qa4+ Nfd7 7. e3 Nc6 8.
Qxc4 e5 9. O-O O-O 10. dxe5 Ndxe5 11. Nxe5 Nxe5 12. Qb3 Be6 13. Qxb7 Rb8 14.
Qxa7 Bc4 15. Re1 Nd3 16. Rd1 Qf6 17. Rxd3 Bxd3 18. Nc3 c6 19. a4 Qe6 20. Qc5
Qb3 21. Bf3 Rfd8 22. Qa3 Qe6 23. a5 Ba6 24. Kg2 Bf8 1/2-1/2

[Event "V Festival Terre degli Elimi A"]
[Site "Erice ITA"]
[Date "2014.07.23"]
[Round "7"]
[White "Aranaz Portugues, Jose' Carlos"]
[Black "Campo, Renato"]
[WhiteElo "2096"]
[BlackElo "1992"]
[Result "1-0"]
[PlyCount "67"]
[EventDate "2014.07.19"]

1. d4 g6 2. e4 Bg7 3. Nc3 c5 4. Nf3 cxd4 5. Nxd4 Nc6 6. Be3 Nf6 7. Bc4 Ng4 8.
Nxc6 Nxe3 9. Nxd8 Nxd1 10. Rxd1 Bxc3+ 11. bxc3 Kxd8 12. Bxf7 d6 13. Bd5 Kc7 14.
Rb1 e6 15. Bb3 Bd7 16. O-O b5 17. c4 b4 18. c3 Rab8 19. Rbc1 a5 20. cxb4 Rxb4
21. c5 Rxe4 22. cxd6+ Kxd6 23. Rfd1+ Ke7 24. Rc7 Rd8 25. Bc4 Re5 26. f4 Rf5 27.
g4 Rf7 28. Kg2 Ke8 29. Kg3 Re7 30. Kh4 Rb8 31. Rd2 a4 32. a3 Bb5 33. Rxe7+ Kxe7
34. Rb2 1-0

[Event "V Festival Terre degli Elimi A"]
[Site "Erice ITA"]
[Date "2014.07.23"]
[Round "7"]
[White "Bertino, Giacomo"]
[Black "Lombardo, Corrado"]
[WhiteElo "1918"]
[BlackElo "1830"]
[Result "1-0"]
[PlyCount "85"]
[EventDate "2014.07.19"]

1. Nf3 d5 2. d4 Nf6 3. e3 c5 4. c3 e6 5. Nbd2 Nc6 6. Bd3 Bd7 7. O-O Qc7 8. dxc5
Bxc5 9. e4 dxe4 10. Nxe4 Nxe4 11. Bxe4 Ne7 12. Re1 Bc6 13. Ng5 Bxe4 14. Nxe4
Nf5 15. Qa4+ Ke7 16. Nxc5 Qxc5 17. b3 b5 18. Qa5 Qb6 19. Qb4+ Nd6 20. Ba3 h6
21. Rad1 Rad8 22. Qg4 g5 23. h4 Rhg8 24. Rxd6 Rxd6 25. Rd1 Rgd8 26. hxg5 hxg5
27. Qxg5+ Ke8 28. Qg8+ Ke7 29. Qg3 a5 30. Rxd6 Rxd6 31. Qxd6+ Qxd6 32. Bxd6+
Kxd6 33. Kf1 Kd5 34. Ke2 Ke4 35. g3 f5 36. f3+ Ke5 37. Ke3 Kd6 38. g4 fxg4 39.
fxg4 Ke5 40. c4 bxc4 41. bxc4 a4 42. a3 Kd6 43. g5 1-0

[Event "V Festival Terre degli Elimi A"]
[Site "Erice ITA"]
[Date "2014.07.23"]
[Round "7"]
[White "Bijlsma, Nick"]
[Black "Van Der Eijk, Martijn"]
[WhiteElo "2210"]
[BlackElo "2198"]
[Result "1/2-1/2"]
[PlyCount "109"]
[EventDate "2014.07.19"]

1. e4 d6 2. d4 Nf6 3. Nc3 g6 4. f4 Bg7 5. a3 O-O 6. Nf3 c5 7. dxc5 Qa5 8. b4
Qd8 9. e5 dxe5 10. fxe5 Qxd1+ 11. Nxd1 Ng4 12. Bb2 Nc6 13. Nf2 Ngxe5 14. Nxe5
Nxe5 15. O-O-O Be6 16. Be2 a5 17. b5 Rac8 18. Bc3 Rxc5 19. Bxa5 Bc4 20. Bb4
Rxb5 21. Rhe1 Rc8 22. Ne4 Bxe2 23. Rxe2 Nc4 24. c3 Bh6+ 25. Kc2 Ne3+ 26. Rxe3
Bxe3 27. Bxe7 Re5 28. Nd6 Ra8 29. Bh4 Bc5 30. Nxb7 Bxa3 31. Ra1 Re2+ 32. Kd3
Rxg2 33. Bf6 Rb2 34. Nc5 Rbb8 35. Ne4 Bf8 36. Rxa8 Rxa8 37. c4 Bg7 38. c5 Bxf6
39. Nxf6+ Kg7 40. Nd5 f5 41. Nb6 Ra7 42. Nd5 Kf7 43. c6 Ke6 44. Nb6 Kd6 45.
Nc8+ Kxc6 46. Nxa7+ Kb7 47. Nb5 Kc6 48. Nc3 Kd6 49. Ke3 Ke5 50. Kf3 g5 51. Ne2
h5 52. Ng3 g4+ 53. Kg2 h4 54. Nf1 f4 55. h3 1/2-1/2

[Event "V Festival Terre degli Elimi A"]
[Site "Erice ITA"]
[Date "2014.07.23"]
[Round "7"]
[White "Castelli, Giovanni J."]
[Black "Bondielli, Giorgio"]
[WhiteElo "1909"]
[BlackElo "1820"]
[Result "0-1"]
[PlyCount "58"]
[EventDate "2014.07.19"]

1. e4 e5 2. f4 d6 3. Nf3 Nc6 4. Bb5 Bd7 5. d4 Nxd4 6. Bxd7+ Qxd7 7. Nxd4 exd4
8. Qxd4 Ne7 9. Nc3 Nc6 10. Qf2 O-O-O 11. O-O g6 12. Be3 Bg7 13. Qd2 f5 14. exf5
Qxf5 15. a3 Rhe8 16. Kh1 d5 17. Bg1 d4 18. Ne2 Qb5 19. Rfe1 d3 20. cxd3 Qxb2
21. Ra2 Qxd2 22. Rxd2 Bc3 23. Nxc3 Rxe1 24. h3 Ra1 25. g4 Rxa3 26. Ne4 Rdxd3
27. Rxd3 Rxd3 28. Kg2 Ne7 29. Bc5 Nd5 0-1

[Event "V Festival Terre degli Elimi A"]
[Site "Erice ITA"]
[Date "2014.07.23"]
[Round "7"]
[White "De Coninck, Rafael"]
[Black "Di Misa, Salvatore"]
[WhiteElo "2133"]
[BlackElo "1962"]
[Result "0-1"]
[PlyCount "76"]
[EventDate "2014.07.19"]

1. d4 f5 2. Bf4 d5 3. e3 Nf6 4. Nf3 e6 5. c4 c6 6. Qc2 Be7 7. Nc3 O-O 8. Bd3
Ne4 9. h3 Nd7 10. g4 Qa5 11. gxf5 exf5 12. cxd5 Nxc3 13. bxc3 Qxd5 14. Qe2 Nb6
15. Rg1 Bf6 16. Be5 Be6 17. Bxf6 Rxf6 18. Ne5 Qa5 19. Rc1 Bxa2 20. Bxf5 Rxf5
21. Qg4 Rf7 22. Nxf7 Kxf7 23. Qxg7+ Ke8 24. Rg5 Qa3 25. Qh8+ Ke7 26. Qxh7+ Bf7
27. Re5+ Kd6 28. Qxf7 Qxc1+ 29. Ke2 Qc2+ 30. Kf1 Nd7 31. Re6+ Kc7 32. Re7 Rd8
33. c4 a5 34. c5 a4 35. Re8 Rxe8 36. Qxe8 a3 37. Qa8 a2 38. Qa5+ Kc8 0-1

[Event "V Festival Terre degli Elimi A"]
[Site "Erice ITA"]
[Date "2014.07.23"]
[Round "7"]
[White "De Wachter, Matthias"]
[Black "Blom, Martijn"]
[WhiteElo "2276"]
[BlackElo "2020"]
[Result "0-1"]
[PlyCount "88"]
[EventDate "2014.07.19"]

1. Nf3 e6 2. c4 Nf6 3. g3 d5 4. Bg2 Be7 5. O-O O-O 6. d4 c6 7. Qc2 Nbd7 8. Nbd2
b5 9. c5 Qc7 10. e4 Nxe4 11. Nxe4 dxe4 12. Bf4 Qd8 13. Qxe4 Bb7 14. Rad1 Nf6
15. Qe2 Nd5 16. Bc1 Bf6 17. h4 b4 18. Ng5 h6 19. Nh3 a5 20. Rfe1 Re8 21. Qh5 a4
22. g4 Bc8 23. g5 g6 24. Qf3 hxg5 25. h5 Kg7 26. hxg6 fxg6 27. Qg3 Rh8 28. Nxg5
Qe7 29. Be4 Qe8 30. Bf5 Bxg5 31. Bxg5 gxf5 32. Bh6+ Kxh6 33. Kg2 Nf6 34. Rh1+
Nh5 35. Rxh5+ Qxh5 36. Rh1 Qxh1+ 37. Kxh1 Ba6 38. Qe5 Kg6+ 39. Kg2 Rae8 40.
Qg3+ Kf7 41. Qc7+ Re7 42. Qa5 Bb5 43. Qxb4 Kf6 44. d5 Rg7+ 0-1

[Event "V Festival Terre degli Elimi A"]
[Site "Erice ITA"]
[Date "2014.07.23"]
[Round "7"]
[White "De Wit, Tex"]
[Black "Pisacane, Pietro"]
[WhiteElo "2330"]
[BlackElo "2058"]
[Result "0-1"]
[PlyCount "90"]
[EventDate "2014.07.19"]

1. c4 Nf6 2. Nc3 g6 3. g3 Bg7 4. Bg2 O-O 5. e4 d6 6. Nge2 c5 7. O-O Nc6 8. a3
a5 9. d3 Ne8 10. Rb1 Nc7 11. f4 Bg4 12. h3 Bxe2 13. Qxe2 Ne6 14. Bd2 Ned4 15.
Qd1 Rb8 16. Qa4 e6 17. Kh2 Qb6 18. b3 Ra8 19. Nd1 Qc7 20. Nf2 Rfb8 21. e5 dxe5
22. Ne4 f5 23. Nc3 Rd8 24. Rbd1 h5 25. h4 Qb6 26. fxe5 Nxe5 27. Bg5 Rd7 28. Rb1
Ndc6 29. Qb5 Qc7 30. Bf4 Na7 31. Qa4 Rxd3 32. Nb5 Nxb5 33. Qxb5 Ng4+ 34. Kh1 e5
35. Bg5 e4 36. Bf4 Qc6 37. Rfe1 Qxb5 38. cxb5 Be5 39. Bf1 Rd4 40. Be3 Nxe3 41.
Rxe3 b6 42. a4 Rad8 43. Rbe1 Kg7 44. Bc4 Rd2 45. Rf1 Rb2 0-1

[Event "V Festival Terre degli Elimi A"]
[Site "Erice ITA"]
[Date "2014.07.23"]
[Round "7"]
[White "Ferro, Mario"]
[Black "Manakova, Maria"]
[WhiteElo "2242"]
[BlackElo "2273"]
[Result "1/2-1/2"]
[PlyCount "71"]
[EventDate "2014.07.19"]

1. d4 Nf6 2. Nf3 g6 3. g3 Bg7 4. Bg2 O-O 5. O-O d5 6. c4 dxc4 7. Na3 c3 8. bxc3
c5 9. Ne5 Nc6 10. Nxc6 bxc6 11. Qa4 cxd4 12. cxd4 Nd5 13. Qxc6 Be6 14. Bd2 Rc8
15. Qa6 Nc7 16. Qa5 Qxd4 17. Rac1 Qb6 18. Rc6 Qxa5 19. Bxa5 Nd5 20. Rfc1 Rb8
21. Ra6 Rb2 22. Rc2 Rxc2 23. Nxc2 Rc8 24. Be4 Nf6 25. Bd3 Nd7 26. Bb4 Ne5 27.
Be4 Rc4 28. f3 f5 29. Bd3 Nxd3 30. exd3 Bc8 31. dxc4 Bxa6 32. Bxe7 Bxc4 33. Bc5
a6 34. a3 Kf7 35. Nd4 Bd5 36. f4 {...} 1/2-1/2

[Event "V Festival Terre degli Elimi A"]
[Site "Erice ITA"]
[Date "2014.07.23"]
[Round "7"]
[White "Friesen, Boris"]
[Black "Guccione, Cristoforo"]
[WhiteElo "2076"]
[BlackElo "1835"]
[Result "1-0"]
[PlyCount "49"]
[EventDate "2014.07.19"]

1. e4 d5 2. exd5 Nf6 3. c4 e6 4. Nc3 exd5 5. d4 c6 6. Bd3 Bd6 7. Nge2 O-O 8.
cxd5 Re8 9. Bg5 cxd5 10. Qd2 Nc6 11. O-O Be6 12. Rac1 Rc8 13. Bb1 h6 14. Bf4
Ne4 15. Bxe4 dxe4 16. Bxd6 Qxd6 17. Nxe4 Qd5 18. N4c3 Qh5 19. Ng3 Qh4 20. d5
Rcd8 21. Rfd1 Ne5 22. Qd4 Qxd4 23. Rxd4 Rd7 24. Rcd1 Red8 25. dxe6 1-0

[Event "V Festival Terre degli Elimi A"]
[Site "Erice ITA"]
[Date "2014.07.23"]
[Round "7"]
[White "Gelardi, Davide"]
[Black "Messina, Damiano"]
[WhiteElo "1851"]
[BlackElo "1857"]
[Result "1-0"]
[PlyCount "71"]
[EventDate "2014.07.19"]

1. d4 d5 2. Nf3 Nf6 3. c4 c6 4. e3 e6 5. Nc3 Bd6 6. Bd3 O-O 7. O-O dxc4 8. Bxc4
b5 9. Bd3 Nbd7 10. e4 e5 11. dxe5 Bxe5 12. Nxe5 Nxe5 13. Bc2 Qxd1 14. Rxd1 Bb7
15. b3 Rfd8 16. Bb2 Ng6 17. f3 a6 18. Rxd8+ Rxd8 19. Rd1 Rxd1+ 20. Nxd1 Nd7 21.
Ne3 Ne7 22. Kf2 c5 23. Ke2 f6 24. g3 Kf7 25. f4 Ke6 26. Kd3 Nc8 27. Nd1 Nd6 28.
Ke3 h6 29. h4 c4 30. Kd4 Ke7 31. Ba3 cxb3 32. axb3 a5 33. e5 fxe5+ 34. fxe5 b4
35. exd6+ Kxd6 36. Bb2 1-0

[Event "V Festival Terre degli Elimi A"]
[Site "Erice ITA"]
[Date "2014.07.23"]
[Round "7"]
[White "Gueci, Laura"]
[Black "Vanparys, Philip"]
[WhiteElo "1968"]
[BlackElo "2141"]
[Result "0-1"]
[PlyCount "93"]
[EventDate "2014.07.19"]

1. c4 Nf6 2. Nc3 c6 3. g3 d5 4. cxd5 cxd5 5. d4 Nc6 6. Bg2 Bg4 7. Nf3 e6 8. O-O
Bb4 9. Bf4 O-O 10. Rc1 Rc8 11. Na4 b5 12. Nc5 Bxf3 13. Bxf3 Qe7 14. Nb3 a5 15.
a3 a4 16. Nd2 Ba5 17. Nb1 Rfd8 18. Nc3 Bxc3 19. Rxc3 Ne4 20. Rc1 Qf6 21. Be3
Nd6 22. Rc5 Na5 23. Bf4 Rxc5 24. dxc5 Ndc4 25. Qc2 Rc8 26. Bd2 Nxd2 27. Qxd2
Nb3 28. Qd3 Rxc5 29. e4 Qd4 30. Qe2 Qd2 31. Rd1 Qxe2 32. Bxe2 d4 33. Bd3 Kf8
34. f3 e5 35. Kf2 Ke7 36. h4 Kd7 37. Rh1 Rc6 38. f4 Rc1 39. Rh2 Rd1 40. Bc2
Rd2+ 41. Kg1 Rxh2 42. Kxh2 Nc5 43. fxe5 d3 44. Bd1 d2 45. Bc2 Nxe4 46. b3 axb3
47. Bxb3 0-1

[Event "V Festival Terre degli Elimi A"]
[Site "Erice ITA"]
[Date "2014.07.23"]
[Round "7"]
[White "Gueci, Tea"]
[Black "Dijkhuis, Tycho"]
[WhiteElo "2089"]
[BlackElo "2321"]
[Result "1/2-1/2"]
[PlyCount "82"]
[EventDate "2014.07.19"]

1. e4 c5 2. Nf3 Nc6 3. d4 cxd4 4. Nxd4 e5 5. Nb5 d6 6. N1c3 a6 7. Na3 b5 8. Nd5
Nge7 9. c4 Nd4 10. Be3 Nxd5 11. cxd5 g6 12. Bxd4 exd4 13. Qxd4 Qa5+ 14. Qd2
Qxd2+ 15. Kxd2 Bg7 16. Rb1 O-O 17. Bd3 f5 18. f3 fxe4 19. Bxe4 Bf5 20. Rhe1
Bxe4 21. fxe4 Rac8 22. Re2 b4 23. Nc2 Rc4 24. Kd3 Rfc8 25. Ne1 Rd4+ 26. Ke3
Rcc4 27. Kf3 a5 28. b3 Rc8 29. g3 Rf8+ 30. Kg2 Re8 31. Kf3 g5 32. h3 h5 33. Ng2
Rd3+ 34. Ne3 Bd4 35. Rbe1 Kf7 36. Rd1 Rxd1 37. Nxd1 Rc8 38. Rd2 Be5 39. Rf2 Kg6
40. Ne3 Rc3 41. Rc2 Rd3 1/2-1/2

[Event "V Festival Terre degli Elimi A"]
[Site "Erice ITA"]
[Date "2014.07.23"]
[Round "7"]
[White "Hickman, John E."]
[Black "Ovaskainen, Juha"]
[WhiteElo "1977"]
[BlackElo "1839"]
[Result "1/2-1/2"]
[PlyCount "71"]
[EventDate "2014.07.19"]

1. Nf3 Nf6 2. g3 g6 3. Bg2 Bg7 4. O-O d5 5. d3 O-O 6. Nbd2 c5 7. e4 Nc6 8. Re1
e6 9. c3 b6 10. e5 Nd7 11. d4 cxd4 12. cxd4 Bb7 13. Nf1 Rc8 14. Bg5 f6 15. exf6
Bxf6 16. Bh6 Re8 17. Bh3 e5 18. dxe5 Ncxe5 19. Nxe5 Rxe5 20. Rxe5 Nxe5 21. Bg2
Nf7 22. Bc1 Qd7 23. Ne3 Rd8 24. Ng4 Bg7 25. Rb1 d4 26. Bxb7 Qxb7 27. h4 Qe4 28.
Bd2 h5 29. Nh2 Kh7 30. Qe1 Qf5 31. Rc1 Be5 32. b3 Bf6 33. Qe2 Kg7 34. Qf3 Qxf3
35. Nxf3 Rd7 36. Kf1 1/2-1/2

[Event "V Festival Terre degli Elimi A"]
[Site "Erice ITA"]
[Date "2014.07.23"]
[Round "7"]
[White "Iordachescu, Viorel"]
[Black "Petkov, Vladimir"]
[WhiteElo "2593"]
[BlackElo "2538"]
[Result "1-0"]
[PlyCount "99"]
[EventDate "2014.07.19"]

1. e4 e5 2. Nf3 Nc6 3. Bb5 a6 4. Ba4 Nge7 5. c3 g6 6. d4 exd4 7. cxd4 Bg7 8. d5
b5 9. Bc2 Na5 10. Bd2 c5 11. Bc3 Bxc3+ 12. Nxc3 d6 13. Qc1 Bg4 14. Ng5 f6 15.
h3 Bd7 16. Nf3 O-O 17. h4 Nc4 18. h5 g5 19. Bb3 Na5 20. Bc2 h6 21. b3 Nb7 22.
Qd2 Qa5 23. O-O Nd8 24. a4 b4 25. Nd1 Nf7 26. Ne3 Qc7 27. Nh2 Rae8 28. f4 Kg7
29. g3 Ng8 30. Rae1 Re7 31. Qd3 Rfe8 32. Nc4 Bf5 33. Qf3 Bc8 34. Re3 f5 35.
exf5 Nf6 36. Re6 gxf4 37. Rxf6 Kxf6 38. Ng4+ Kg7 39. f6+ Kh8 40. fxe7 Ng5 41.
Qd3 Bxg4 42. gxf4 Nh3+ 43. Kh2 Rxe7 44. Qg6 Rg7 45. Qxh6+ Kg8 46. Re1 Qd8 47.
Nxd6 Bd7 48. Nf5 Bxf5 49. Bxf5 Nf2 50. Be6+ 1-0

[Event "V Festival Terre degli Elimi A"]
[Site "Erice ITA"]
[Date "2014.07.23"]
[Round "7"]
[White "Larsen, Karsten"]
[Black "Bifulco, Michel"]
[WhiteElo "2265"]
[BlackElo "2084"]
[Result "1-0"]
[PlyCount "111"]
[EventDate "2014.07.19"]

1. e4 g6 2. d4 Bg7 3. Nf3 c6 4. Nc3 d5 5. h3 Nh6 6. Bf4 f6 7. Qd2 Nf7 8. Be3
O-O 9. Be2 b6 10. O-O Na6 11. Rfd1 Nc7 12. exd5 cxd5 13. a4 a6 14. Na2 Bb7 15.
b3 Nd6 16. Bh6 Ne4 17. Qe3 Qd6 18. Bxg7 Kxg7 19. c4 Ne6 20. Nc3 Nxc3 21. Qxc3
Rac8 22. a5 dxc4 23. bxc4 b5 24. c5 Qd5 25. Qe3 Rc7 26. Rac1 Rd8 27. Bf1 Qd7
28. Be2 Bxf3 29. Qxf3 Nxd4 30. Rxd4 Qxd4 31. Rd1 Qxd1+ 32. Bxd1 Rxc5 33. Bb3
Rc7 34. Qe3 Rd6 35. h4 h5 36. Qe4 Rdc6 37. Qd5 e6 38. Qd8 Kf7 39. Qh8 f5 40.
Kh2 Rc3 41. Qe5 R7c6 42. Bxe6+ Rxe6 43. Qxc3 Rd6 44. Qe5 Re6 45. Qd5 Ke7 46.
Kg3 Rd6 47. Qc5 Kd7 48. Qa7+ Ke6 49. Qc5 Kd7 50. Kf4 Re6 51. Qa7+ Ke8 52. f3
Kd8 53. Qb7 Ke8 54. Qc7 Kf8 55. Qd7 Rf6 56. Ke5 1-0

[Event "V Festival Terre degli Elimi A"]
[Site "Erice ITA"]
[Date "2014.07.23"]
[Round "7"]
[White "Levitt, Jonathan Paul"]
[Black "Bezemer, Arno"]
[WhiteElo "2420"]
[BlackElo "2287"]
[Result "0-1"]
[PlyCount "80"]
[EventDate "2014.07.19"]

1. d4 Nf6 2. c4 g6 3. Nc3 d5 4. f3 c5 5. cxd5 Nxd5 6. Na4 Bg7 7. dxc5 O-O 8. e4
Nb4 9. a3 Qxd1+ 10. Kxd1 Rd8+ 11. Bd2 Bh6 12. axb4 Rxd2+ 13. Ke1 Nc6 14. Bc4
Nxb4 15. Ne2 Be3 16. Kf1 Nc2 17. Rc1 Bd7 18. Bb3 Bb5 19. Nac3 Nd4 20. Nxb5 Nxb3
21. Rb1 Bxc5 22. Nbc3 Rad8 23. g4 R8d3 24. Kg2 Nd4 25. Rhe1 Re3 26. Kf1 Nxf3
27. Red1 Nxh2+ 28. Kg2 Rxd1 29. Rxd1 Nxg4 30. Rd7 b5 31. Nf4 b4 32. Ncd5 Rxe4
33. Rd8+ Kg7 34. Kf3 f5 35. b3 Nf6 36. Nd3 Bd6 37. Ne3 Rd4 38. Ke2 f4 39. Nc4
g5 40. Nxb4 Re4+ 0-1

[Event "V Festival Terre degli Elimi A"]
[Site "Erice ITA"]
[Date "2014.07.23"]
[Round "7"]
[White "Lewyk, Ihor"]
[Black "Sardo, Gabriele"]
[WhiteElo "2069"]
[BlackElo "2253"]
[Result "0-1"]
[PlyCount "122"]
[EventDate "2014.07.19"]

1. Nf3 Nf6 2. d4 e6 3. Bg5 h6 4. Bh4 b6 5. e3 Bb7 6. Nbd2 d6 7. h3 Nbd7 8. Bb5
g5 9. Bg3 Bg7 10. Qe2 a6 11. Bxd7+ Nxd7 12. e4 Qe7 13. c3 e5 14. O-O Nf8 15. d5
Ng6 16. Nc4 Bc8 17. Ne3 Nf4 18. Qc4 O-O 19. Bxf4 exf4 20. Nf5 Bxf5 21. exf5 Qd7
22. Qd3 Bf6 23. g4 fxg3 24. fxg3 Qb5 25. Qd2 Rfe8 26. Rfe1 Qc4 27. a3 Kg7 28.
g4 a5 29. Rad1 Rxe1+ 30. Rxe1 a4 31. Rd1 Re8 32. Qd3 Qf4 33. Kf2 Ra8 34. Qe3
Qc4 35. Qd3 Qf4 36. Qe3 Qc4 37. Qd3 Qb3 38. Rd2 Ra5 39. Ke3 Rc5 40. Ke4 Qa2 41.
Ke3 Qa1 42. Qe4 Qf1 43. Rh2 Rc4 44. Qd3 Qc1+ 45. Qd2 Qa1 46. Re2 Qf1 47. Rh2
Be5 48. Qe2 Qc1+ 49. Kd3 Rxc3+ 50. bxc3 Qxc3+ 51. Ke4 Bxh2 52. Qxh2 Qxa3 53.
Qd2 Qb3 54. Qd4+ Kg8 55. Qd3 Qb2 56. Nd2 a3 57. Nc4 Qg2+ 58. Kd4 Qg1+ 59. Qe3
Qd1+ 60. Kc3 a2 61. f6 a1=Q+ 0-1

[Event "V Festival Terre degli Elimi A"]
[Site "Erice ITA"]
[Date "2014.07.23"]
[Round "7"]
[White "Maiorov, Nikita"]
[Black "Burg, Twan"]
[WhiteElo "2531"]
[BlackElo "2508"]
[Result "1/2-1/2"]
[PlyCount "60"]
[EventDate "2014.07.19"]

1. d4 Nf6 2. c4 e6 3. Nc3 Bb4 4. Qc2 O-O 5. a3 Bxc3+ 6. Qxc3 d5 7. Nf3 dxc4 8.
Qxc4 b6 9. Bg5 Ba6 10. Qc2 Bb7 11. e3 Nbd7 12. Be2 c5 13. O-O cxd4 14. Nxd4 Rc8
15. Qd1 Rc5 16. Bh4 Qa8 17. f3 Ne5 18. Nb3 Rd8 19. Qb1 Rcc8 20. e4 a5 21. Rd1
Ba6 22. Rxd8+ Rxd8 23. Qf1 Bxe2 24. Qxe2 a4 25. Nd2 Qc6 26. Nf1 h6 27. Ne3 b5
28. Rd1 Rxd1+ 29. Qxd1 Qd7 30. Bg3 Qc7 1/2-1/2

[Event "V Festival Terre degli Elimi A"]
[Site "Erice ITA"]
[Date "2014.07.23"]
[Round "7"]
[White "Mangelschots, Peter"]
[Black "Claesen, Pieter"]
[WhiteElo "2053"]
[BlackElo "2340"]
[Result "0-1"]
[PlyCount "86"]
[EventDate "2014.07.19"]

1. e4 c6 2. Nc3 d5 3. Nf3 g6 4. d4 Bg7 5. Be3 dxe4 6. Nxe4 Nh6 7. c3 O-O 8. Bc4
Nf5 9. Bf4 Nd7 10. O-O Nb6 11. Bb3 Nd5 12. Bg3 Nxg3 13. hxg3 Bg4 14. Qd2 Qc7
15. Rfe1 Rad8 16. Qg5 Bf5 17. Nh4 Bc8 18. Rad1 b6 19. a3 Be6 20. Qc1 Nf4 21.
Bxe6 Nxe6 22. Nf3 Rd7 23. Re2 Rfd8 24. Rde1 c5 25. dxc5 Nxc5 26. Qf4 Qxf4 27.
gxf4 Nd3 28. Ra1 Nxf4 29. Ree1 h6 30. a4 Nd3 31. Re2 f5 32. Ng3 Nxb2 33. Rxb2
Bxc3 34. Raa2 Bxb2 35. Rxb2 Rd5 36. Re2 Kf7 37. Kh2 Kf6 38. Nf1 Ra5 39. N1d2
Rxa4 40. Nb3 Rb4 41. Nc1 Rd5 42. Re3 Re4 43. Rc3 Rc5 0-1

[Event "V Festival Terre degli Elimi A"]
[Site "Erice ITA"]
[Date "2014.07.23"]
[Round "7"]
[White "Marzaduri, Riccardo"]
[Black "Corsino, Gianluca"]
[WhiteElo "1944"]
[BlackElo "2110"]
[Result "1/2-1/2"]
[PlyCount "35"]
[EventDate "2014.07.19"]

1. e4 c5 2. Nf3 d6 3. d4 cxd4 4. Nxd4 Nf6 5. Nc3 g6 6. Be2 Bg7 7. Bg5 O-O 8.
Qd2 Nc6 9. Nb3 a5 10. a4 Be6 11. O-O Rc8 12. Kh1 Nb4 13. Nd4 Bc4 14. Rfd1 Nd7
15. Bxc4 Rxc4 16. Ndb5 Nb6 17. Qe2 Rc6 18. Na7 1/2-1/2

[Event "V Festival Terre degli Elimi A"]
[Site "Erice ITA"]
[Date "2014.07.23"]
[Round "7"]
[White "Mollema, Thomas"]
[Black "Mantovani, Renzo"]
[WhiteElo "2076"]
[BlackElo "2349"]
[Result "0-1"]
[PlyCount "66"]
[EventDate "2014.07.19"]

1. e4 c5 2. c3 Nf6 3. e5 Nd5 4. d4 cxd4 5. Nf3 Nc6 6. cxd4 e6 7. Bc4 Nb6 8. Be2
d5 9. Nc3 Bd7 10. O-O Be7 11. Ne1 Rc8 12. f4 Nxd4 13. Bd3 f5 14. exf6 Bxf6 15.
Qh5+ g6 16. Qh6 Qe7 17. g4 Bg7 18. Qh3 O-O 19. Ng2 e5 20. fxe5 Rxf1+ 21. Bxf1
Qxe5 22. Bf4 Qe6 23. Re1 Qf7 24. Kh1 h5 25. Qd3 Bxg4 26. Bg5 Re8 27. Rxe8+ Qxe8
28. Be3 Qf7 29. Nh4 Nf5 30. Bxb6 axb6 31. Nxf5 Bxf5 32. Qxd5 Be4+ 33. Qxe4
Qxf1# 0-1